[Event "Luxembourg-ch"]
[Site "Luxembourg"]
[Date "1999.04.10"]
[Round "8"]
[White "Zigrand, Roger"]
[Black "Kalabic, Dzelal"]
[Result "0-1"]
[WhiteElo "1867"]
[BlackElo "1727"]
[PlyCount "96"]
[EventDate "1999.04.03"]
[EventType "swiss"]
[EventRounds "9"]
[EventCountry "LUX"]
[SourceTitle "EXT 2005"]
[Source "ChessBase"]
[SourceDate "2004.11.15"]
[SourceVersion "1"]
[SourceVersionDate "2004.11.15"]
[SourceQuality "1"]

1. e4 e5 2. Nf3 Nf6 3. d4 d5 4. Nxe5 Nxe4 5. Bd3 c5 6. dxc5 Qf6 7. Bxe4 Qxe5 8. Qxd5 Qxd5 9. Bxd5 Bxc5 10. 0-0 0-0 11. Nc3 a5 12. Na4 Na6 13. Nxc5 Nxc5 14. Be3 Ne6 15. Rad1 Ra6 16. Rd2 b5 17. Rfd1 h6 18. Bf3 a4 19. Be2 Ra5 20. Rd5 Ra8 21. Bxb5 Nc7 22. Rc5 Nxb5 23. Rxb5 Be6 24. a3 Rfc8 25. Rd2 Ra6 26. c3 Bb3 27. Rb6 Rxb6 28. Bxb6 Re8 29. Rd8 Rxd8 30. Bxd8 Kf8 31. Kf1 Ke8 32. Bb6 Kd7 33. Ke2 h5 34. Kd3 Kc6 35. Bd8 Kd5 36. Be7 g6 37. h4 Ba2 38. b4 axb3 39. c4+ Ke6 40. Kc3 Kxe7 41. Kb2 Kd6 42. a4 Kc6 43. f3 f6 44. f4 Kb6 45. Ka1 Ka5 46. c5 Kxa4 47. Kb2 Kb5 48. f5 gxf5 0-1

[Event "Luxembourg-ch"]
[Site "Luxembourg"]
[Date "1999.04.04"]
[Round "2"]
[White "Zigrand, Roger"]
[Black "Schammo, Jean"]
[Result "1/2-1/2"]
[WhiteElo "1867"]
[BlackElo "2103"]
[PlyCount "102"]
[EventDate "1999.04.03"]
[EventType "swiss"]
[EventRounds "9"]
[EventCountry "LUX"]
[SourceTitle "EXT 2005"]
[Source "ChessBase"]
[SourceDate "2004.11.15"]
[SourceVersion "1"]
[SourceVersionDate "2004.11.15"]
[SourceQuality "1"]

1. e4 c5 2. d4 cxd4 3. c3 Nf6 4. e5 Nd5 5. cxd4 e6 6. Nc3 Nxc3 7. bxc3 Qc7 8. c4 d6 9. f4 dxe5 10. fxe5 Bb4+ 11. Bd2 Qa5 12. Nf3 Bxd2+ 13. Qxd2 Qxd2+ 14. Kxd2 0-0 15. Bd3 Nc6 16. Be4 Bd7 17. Rab1 Rab8 18. Rb2 Na5 19. Kd3 Rfc8 20. Nd2 b5 21. c5 Nc6 22. Rhb1 a6 23. g3 Ne7 24. Nb3 Nd5 25. Na5 Rc7 26. a3 Rd8 27. Bxd5 exd5 28. Rf1 b4 29. Ra1 Bb5+ 30. Kd2 bxa3 31. Rxa3 Re8 32. Rf3 Re6 33. Kc3 h6 34. Rbf2 Rg6 35. h3 Re7 36. g4 Bd7 37. Rb2 Bb5 38. Rbf2 Rge6 39. Kd2 Rc7 40. Re3 Re8 41. h4 Bd7 42. g5 hxg5 43. hxg5 Rb8 44. Rb3 Rb5 45. Rxb5 Bxb5 46. Rh2 Re7 47. Kc3 Re6 48. Kb4 Rg6 49. Rh5 Be2 50. Rh2 Bb5 51. Rh5 Be2 1/2-1/2